Geography Quiz

Random Geography or Blitz Quiz

'M' States Blitz Quiz Stats

 Plays Quiz Updated Apr 29, 2015

Also try: 'O' States Blitz
Challenge
Share
Tweet
Embed
Score 0/14 Timer 01:00
3 Plays Today
% Correct
Maine
86.8%
Montana
85.8%
Michigan
84.8%
Minnesota
83.1%
Mississippi
82.3%
Missouri
78.4%
Massachusetts
74.8%
% Correct
Maryland
74.2%
New Mexico
62.3%
Alabama
56.1%
New Hampshire
47%
Vermont
42%
Wyoming
41.4%
Oklahoma
37.2%

You're not logged in!

Compare scores with friends on all Sporcle quizzes.
OR
Log In

You Might Also Like...

Show Comments

Extras

Top Quizzes Today


Score Distribution

Your Account Isn't Verified!

In order to create a playlist on Sporcle, you need to verify the email address you used during registration. Go to your Sporcle Settings to finish the process.

Report this User

Report this user for behavior that violates our Community Guidelines.

Details: